| 000 | 01493nam a22003857a 4500 | ||
|---|---|---|---|
| 003 | CHAP | ||
| 005 | 20220329143738.0 | ||
| 008 | 110526s2011 mx r 00010 spa d | ||
| 010 | _a101316 | ||
| 011 | _a102288 | ||
| 035 | _a112976 | ||
| 040 | _cCHAP | ||
| 090 | _aTesis | ||
| 100 | 1 |
_aRevilla Gonzáles, Elizabeth. _996703 |
|
| 245 | 1 | 0 |
_aQuímica de la madera de cuatro pinos mexicanos de la subsección Cembroides _h[En línea] _c/por Elizabeth Revilla González |
| 260 |
_aChapingo, Méx. : _bEl autor, _c2011 |
||
| 500 | _aPara ver el contenido del material haga clic en la liga | ||
| 502 | _aTesis (Ing. Forestal industrial) -- UACH. División de Ciencias Forestales | ||
| 590 |
_aALEPH _b10 _c20130110 _lUCH01 _h1540 |
||
| 590 |
_aBATCH-UPD _b10 _c20130110 _lUCH01 _h1222 |
||
| 590 |
_aBATCH-UPD _b10 _c20130410 _lUCH01 _h0756 |
||
| 590 |
_aBATCH-UPD _b10 _c20130914 _lUCH01 _h1739 |
||
| 590 |
_aBATCH-UPD _b10 _c20140324 _lUCH01 _h1525 |
||
| 590 |
_aBATCH-UPD _b10 _c20141002 _lUCH01 _h0849 |
||
| 590 |
_aCONVERSION _b10 _c20130109 _lUCH01 _h1356 |
||
| 650 | 1 | 4 |
_aMadera de pino. _969650 |
| 650 | 1 | 4 |
_aMadera _xQuímica. _969623 |
| 650 | 1 | 4 |
_aPináceas _zMéxico. _988275 |
| 650 | 1 | 4 |
_aRecursos forestales. _995025 |
| 856 |
_3Finding aid _uhttp://10.13.5.2/tesis/112976.pdf _zTeclea aqui |
||
| 901 | _aBK | ||
| 942 | _cFOLL | ||
| 949 |
_aTesis _bBC _cTES _d33724002250850 _eTS1 _gDonaciØn _h52289 _i112976 _st |
||
| 949 |
_aTesis _bBC _cTES _d33724002250892 _eTS2 _fc.2 _gDonaciØn _h52290 _i112976 _st |
||
| 999 |
_c101316 _d101316 |
||